=LDR 00000nam 2200000 4500 =001 INLIS000000000031901 =005 20130612133937 =008 ***********************************ind** =035 ##$$0010-061300000031901 =041 ##$$a ind =082 ##$$a 372.6 =090 ##$$a 372.6, Wen s =100 ##$$a Wening, Warih Wandita =245 ##$$a Sapintar Bahasa Inggris, Buku Rujukan Untuk Siswa Sekolah Dasar, Warih Wandita Wening;Editor, Arif Nurcahyo =260 ##$$a 23 cm $b Surabaya =300 ##$$a 124 hlm, Ilus, 23 cm =650 ##$$a Pendidikan dasar-Bahasa Inggris =700 ##$$a Nurcahyo, Arif =850 ##$$a NBPNMAT =990 ##$$a 0166/BPAP-NTB/2016